Data Base Management

Salvato in:
Dettagli Bibliografici
Autore principale: MacFadden, Fred R.
Altri autori: Hoffer, Jeffrey A.
Natura: Libro
Lingua:inglese
Pubblicazione: Menlo Park Benjamin/Cummings Publ. Co. 1988
Edizione:2. ed.
Soggetti:
Tags: Aggiungi Tag
Nessun Tag, puoi essere il primo ad aggiungerne!!

MARC

LEADER 00000nam a2200000 4500
001 c003943
005 20221219121031.0
020 |a 0-8053-6783-7 
041 0 |a eng 
044 |a US 
245 1 0 |a Data Base Management  |c Fred R. Macfadden, Jeffrey A. Hoffer 
250 |a 2. ed. 
264 1 |a Menlo Park  |b Benjamin/Cummings Publ. Co.  |c 1988 
300 |a 680 s. 
610 2 0 |a báza dát 
610 2 0 |a SRBD 
610 2 0 |a plánovanie 
610 2 0 |a architektúra 
610 2 0 |a dizajn 
610 2 0 |a riadenie 
610 2 0 |a systémy databázové 
610 2 0 |a počítače osobné 
100 1 |a MacFadden, Fred R. 
700 1 |a Hoffer, Jeffrey A.